| 000 | 00728nam a2200229Ia 4500 | ||
|---|---|---|---|
| 005 | 20250508164638.0 | ||
| 008 | 008 250505s9999 xx 000 0 eng d | ||
| 020 | _a0-415-39635-2 | ||
| 037 | _aTextual | ||
| 040 |
_aFEDL _beng _cFEDL |
||
| 041 |
_aeng _2eng |
||
| 084 |
_a370.15, CAR _qFEDL |
||
| 100 |
_aCarlson Jerry S Ed. _9778719 |
||
| 245 | 0 | _aEducating the evolved mind: Conceptual foundations for an evolutionary educational psychology | |
| 260 |
_aCharlotte, USA _bInformation Age Publishing, Inc. _c2007 |
||
| 300 | _axii,203p. | ||
| 365 |
_aUSD _b39.99 |
||
| 650 | _aEducational psychology | ||
| 700 |
_a Levin Joel R Ed. _9778720 |
||
| 942 |
_cTEXL _h370.15, CAR |
||
| 999 |
_c1390306 _d1390306 |
||